| Поле | Название | Значение |
| |
Тип записи |
a |
| |
Библиографический уровень |
m |
| 001 |
Контрольный номер |
SKBR/1e9398fd-d8e5-4124-8fe9-0940c4aab728 |
| 005 |
Дата корректировки |
20241126094204.3 |
| 010 |
Индекс ISBN |
__ |
| a |
ISBN |
978-5-16-012825-2 |
| b |
Уточнения |
print |
| b |
Уточнения |
в пер. |
| 010 |
Индекс ISBN |
__ |
| a |
ISBN |
978-5-16-104472-8 |
| b |
Уточнения |
online |
| d |
Цена |
1839-00 |
| 021 |
№ государственной регистрации |
__ |
| a |
Код страны |
RU |
| b |
№ документа |
2017-80263 |
| 035 |
Другие системные номера |
__ |
| a |
Идентификатор записи |
(RuMoRGB)009429954 |
| 035 |
Другие системные номера |
__ |
| a |
Идентификатор записи |
RU\NLR\BIBL_A\011527528 |
| 100 |
Данные общей обработки |
__ |
| a |
Данные общей обработки |
20171116d2023 mk y0rusa028902 ca |
| 101 |
Язык документа |
0_ |
| a |
Язык текста |
rus |
| 102 |
Страна публикации |
__ |
| a |
Страна публикации |
RU |
| 105 |
Кодированные данные (монография) |
__ |
| a |
Кодированные данные (монография) |
a j 000yy |
| 181 |
Поле кодированных данных: вид содержания |
_0 |
| a |
Код вида содержания (ISBD) |
i |
| 182 |
Поле кодированных данных: тип средства |
_0 |
| a |
Код типа средства (ISBD) |
n |
| 200 |
Заглавие и сведения об ответственности |
1_ |
| a |
Заглавие |
Философия |
| e |
Сведения, относящиеся к заглавию |
учебник |
| e |
Сведения, относящиеся к заглавию |
для студентов высших учебных заведений, обучающихся по всем направлениям подготовки (квалификация (степень) "бакалавр") |
| f |
Первые сведения об ответственности |
В. А. Канке |
| 203 |
Вид содержания и тип средства |
__ |
| a |
Вид содержания |
Текст |
| c |
Тип средства |
непосредственный |
| 210 |
Выходные данные |
1_ |
| a |
Место издания |
Москва |
| c |
Издательство |
Инфра-М |
| d |
Дата издания |
2023 |
| 215 |
Физическое описание |
__ |
| a |
Объем |
289, [1] с. |
| c |
Иллюстрации/тип воспроизводства |
ил., табл. |
| d |
Формат |
21 см |
| 225 |
Серия |
1_ |
| a |
Серия |
Высшее образование - бакалавриат |
| 225 |
Серия |
2_ |
| a |
Серия |
Бакалавриат |
| 300 |
Общие примечания |
__ |
| a |
Общие примечания |
На титульном листе и обложке: Электронно-библиотечная система znanium.com |
| 320 |
Библиография |
__ |
| a |
Библиография |
Библиография: с. 274-[283] и в подстрочных примечаниях |
| 330 |
Аннотация |
__ |
| a |
Аннотация |
Учебник представляет собой последовательный курс философии. Излагаются вопросы философии науки и истории философии, онтологии, эпистемологии, этики и эстетики. Курс построен с учетом достижений аналитической философии, феноменологии, герменевтики, постструктурализма и других основных философских направлений современности. Используется теория концептуальной трансдукции. Особое внимание уделяется связи философии с другими науками. Курс тщательно выверен в дидактическом отношении. Каждый параграф заканчивается выводами. В конце учебника приводится практикум, содержащий контрольные вопросы и задания, тесты, библиографические списки и рекомендации студентам. Cоответствует требованиям Федерального государственного образовательного стандарта высшего образования последнего поколения.Для студентов высших учебных заведений, преподавателей, а также для всех интересующихся вопросами философии. |
| 606 |
Тематические рубрики |
__ |
| a |
Основная рубрика |
Философия |
| 2 |
Код системы |
nlr_sh |
| 606 |
Тематические рубрики |
__ |
| 2 |
Код системы |
nlr_sh |
| a |
Основная рубрика |
Общие вопросы философии |
| 610 |
Ключевые слова |
0_ |
| a |
Ключевые слова |
античная философия |
| 610 |
Ключевые слова |
0_ |
| a |
Ключевые слова |
средневековая философия |
| 610 |
Ключевые слова |
0_ |
| a |
Ключевые слова |
онтология |
| 610 |
Ключевые слова |
0_ |
| a |
Ключевые слова |
эпистемология |
| 610 |
Ключевые слова |
0_ |
| a |
Ключевые слова |
философские науки |
| 610 |
Ключевые слова |
0_ |
| a |
Ключевые слова |
философия Возрождения |
| 610 |
Ключевые слова |
0_ |
| a |
Ключевые слова |
философия Нового времени |
| 610 |
Ключевые слова |
0_ |
| a |
Ключевые слова |
русская философия |
| 610 |
Ключевые слова |
0_ |
| a |
Ключевые слова |
этика |
| 610 |
Ключевые слова |
0_ |
| a |
Ключевые слова |
эстетика |
| 686 |
Индексы других классификаций |
__ |
| a |
Классификационный индекс |
87я73 |
| 2 |
Код системы |
rubbks |
| 700 |
Автор |
_1 |
| a |
Фамилия |
Канке |
| b |
Имя |
В. А. |
| g |
Полное личное имя |
Виктор Андреевич |
| 4 |
Код отношения |
070 |
| f |
Даты |
1944- |
| 801 |
Источник записи |
_0 |
| a |
Страна |
RU |
| b |
Организация |
NLR |
| c |
Дата составления |
20171116 |
| g |
Правила каталогизации |
PSBO |
| 801 |
Источник записи |
_1 |
| a |
Страна |
RU |
| b |
Организация |
NLR |
| c |
Дата составления |
20171116 |
| g |
Правила каталогизации |
PSBO |
| 801 |
Источник записи |
_2 |
| a |
Страна |
RU |
| b |
Организация |
NLR |
| c |
Дата составления |
20180214 |
| 2 |
Код формата |
rusmarc |
| g |
Правила каталогизации |
PSBO |
| 852 |
Данные о местонахождении |
__ |
| i |
Авторский знак |
К 19 |
| j |
Шифр хранения |
87я73 |
| 900 |
Макрообъекты |
__ |
| a |
Макрообъекты |
Философия. Канке, В.А., 2023 |
| 901 |
Тип документа |
__ |
| a |
Ответственный |
ООФиК/Волкова |
| t |
Тип документа |
m |
| 903 |
Характеристики (МАРС) |
__ |
| a |
Дата передачи |
20240911 |
| c |
Наименование библиотеки (МАРС) |
Муниципальное бюджетное учреждение культуры "Централизованная библиотечная система" г. Сургут (Центральная городская библиотека им. А. С. Пушкина) |
| 969 |
Тип издания |
__ |
| a |
Тип издания |
учебник |
| 990 |
Данные о заказе (DOS) |
__ |
| j |
Количество экземпляров (DOS) |
2 |
| t |
N записи в КСУ для И/У (DOS) |
202410 |